Alexey Navalny: A Hero of The New Time

Stručné predstavenie politika Alexeja Navaľného, ktorý je známy ako kritik korupcie v Rusku a hlavný oponent voči Putinovi.

Gespeichert in:
Bibliographische Detailangaben
1. Verfasser: Etkind, Alexander
Format: Buchkapitel
Sprache:Englisch
Schlagworte:
Tags: Tag hinzufügen
Keine Tags, Fügen Sie das erste Tag hinzu!

MARC

LEADER 00000naa a2200000 4500
001 0284607
005 20220606093755.5
041 0 |a eng 
044 |a CZ 
245 1 0 |a Alexey Navalny: A Hero of The New Time  |c Alexander Etkind 
520 |a Stručné predstavenie politika Alexeja Navaľného, ktorý je známy ako kritik korupcie v Rusku a hlavný oponent voči Putinovi. 
610 2 0 |a osobnosť 
610 2 0 |a politika 
610 2 0 |a korupcia 
610 2 0 |a Rusko 
100 1 |a Etkind, Alexander